00246nam a2200085 4500100002800000245008100028260002600109300000700135650001800142 aChamika Dinushi Walpita aNutraceutical uses of sesame seeds for Cardioprotection and Hepatoprotection aColombobICHEMCc2016 a16 a sesame seeds